Democratic Presidents of the United States - Statistics

General Stats
  • This quiz has been taken 176 times
  • The average score is 15 of 16
Answer Stats
Hint Answer % Correct
2009-2017 Barack Obama
100%
1993-2001 Bill Clinton
99%
1933-1945 Franklin D. Roosevelt
99%
1961-1963 John F. Kennedy
99%
1977-1981 Jimmy Carter
98%
1963-1969 Lyndon B. Johnson
98%
1865-1869 Andrew Johnson
97%
1945-1953 Harry S. Truman
95%
1913-1921 Woodrow Wilson
90%
1829-1837 Andrew Jackson
89%
1885-1889 Grover Cleveland
85%
1845-1849 James K. Polk
85%
1893-1897 Grover Cleveland
84%
1853-1857 Franklin Pierce
79%
1837-1841 Martin Van Buren
79%
1857-1861 James Buchanan
78%
No matching quizzes found
Score Distribution
Percent of People with Each Score
Percentile by Number Answered
Your Score History
You have not taken this quiz